Assessment of transportation growth in Asia and its effects on energy use the environment and traffic congestion (Record no. 541994)

000 -LEADER
fixed length control field 00413nam a22001217a 4500
082 ## - DEWEY DECIMAL CLASSIFICATION NUMBER
Classification number 333.8232
Author Mark ASS
-- D
245 ## - TITLE STATEMENT
Title Assessment of transportation growth in Asia and its effects on energy use the environment and traffic congestion
Statement of responsibility, etc. ASS
260 ## - PUBLICATION, DISTRIBUTION, ETC.
Place of publication, distribution, etc. Washington
Name of publisher, distributor, etc. The world bank
Date of publication, distribution, etc. 1992
300 ## - PHYSICAL DESCRIPTION
Extent v, 61 p. :
Other physical details ill,
Dimensions 24 cm.
526 ## - STUDY PROGRAM INFORMATION NOTE
Program name 0
Interest level 0
Reading level 0
Title point value 333_823200000000000_ASS
650 ## - SUBJECT ADDED ENTRY--TOPICAL TERM
Topical term or geographic name entry element MCE
9 (RLIN) 379
942 ## - ADDED ENTRY ELEMENTS (KOHA)
Source of classification or shelving scheme
Koha item type Book
Holdings
Withdrawn status Lost status Source of classification or shelving scheme Damaged status Not for loan Permanent Location Current Location Date acquired Total Checkouts Full call number Barcode Date last seen Copy number Price effective from Koha item type
          Military College of Engineering (MCE) Military College of Engineering (MCE) 09/17/2013   333.8232 ASS MCE-41937 09/17/2013 1 09/17/2013 Book
© 2023 Central Library, National University of Sciences and Technology. All Rights Reserved.